Teología de la liberación: revolución metodológica, balance crítico, nuevas aportaciones y desafíos /
Guardado en:
| Autor principal: | |
|---|---|
| Formato: | Texto |
| Materias: | |
| Etiquetas: |
Agregar Etiqueta
Sin Etiquetas, Sea el primero en etiquetar este registro!
|
MARC
| LEADER | 00000 a a2200000 04500 | ||
|---|---|---|---|
| 001 | 2379 | ||
| 003 | |||
| 040 | |||
| 100 | |a Tamayo, Juan José | ||
| 245 | |a Teología de la liberación: |b revolución metodológica, balance crítico, nuevas aportaciones y desafíos / |c Juan José Tamayo | ||
| 650 | |a TEOLOGIA DE LA LIBERACION | ||
| 650 | |a CRISTIANISMO | ||
| 650 | |a AMERICA LATINA | ||
| 773 | |g número 19; páginas 12-19 | ||
| 999 | |c 30659 |d 30659 | ||
